| 000 | 06771cam a2201381 4500 | ||
|---|---|---|---|
| 999 | _c53404 | ||
| 001 | 8352848 | ||
| 003 | LIBRIS | ||
| 005 | 20200925133607.0 | ||
| 008 | 020113s2000 sw |||||||||||000 0|swe| | ||
| 020 |
_a9144012055 _c315:00 |
||
| 040 | _aNB | ||
| 041 | 1 |
_aswe _hnor |
|
| 082 | 0 | 4 |
_a615.82 _223/swe |
| 084 |
_aVma _2kssb/6 |
||
| 084 |
_aVlbdö _2kssb/6 |
||
| 100 | 1 | _aEkerholt, Kirsten | |
| 245 | 0 | 0 |
_aFotfäste : _ben kroppsbaserad behandlingsprocess / _cKirsten Ekerholt och Mia Falck ; översättning: Mia Ruthman Edström ; sakgranskning: Monika Mattsson, Ulla-Britt Skatteboe. |
| 264 | 1 |
_aLund : _bStudentlitteratur, _c2000 |
|
| 264 | 3 |
_aLund : _bStudentlitteratur |
|
| 300 |
_a168 s. _c23 cm |
||
| 340 | _b23 cm | ||
| 650 | 7 |
_aKroppsterapi _0https://id.kb.se/term/sao/Kroppsterapi _2sao |
|
| 650 | 7 |
_aKroppsterapi _0https://id.kb.se/term/sao/Kroppsterapi _2sao |
|
| 650 | 2 | _aPhysical therapy | |
| 650 | 4 | _aKroppsterapi | |
| 650 | 4 | _aSjukgymnastik | |
| 650 | 4 | _aKroppsterapi | |
| 653 | _aSjukgymnastik | ||
| 653 | _aKroppsterapi | ||
| 653 | _aMedicin | ||
| 653 | _aFysioterapi | ||
| 653 | _aSjukgymnastik | ||
| 653 | _aPsykiatri | ||
| 653 | _aPsykoterapi | ||
| 700 | 1 | _aFalck, Mia | |
| 700 | 1 |
_aRuthman, Mia, _d1954- _4trl _0https://libris.kb.se/hftx2d41326kbtt#it |
|
| 887 |
_a{"@id":"xf747l685m7tc9n","modified":"2019-06-12T17:32:19.523+02:00","checksum":"31776200894"} _2librisxl |
||
| 887 |
_a{"@id":"26c1thh75tz76sp","modified":"2010-10-28T14:02:13+02:00","checksum":"40094503670"} _2librisxl |
||
| 887 |
_a{"@id":"7ck21nxd2p7t8dj","modified":"2016-07-14T13:45:13+02:00","checksum":"14751386269"} _2librisxl |
||
| 887 |
_a{"@id":"chnb4ssj3b33kk8","modified":"2018-01-15T15:39:12+01:00","checksum":"43286501205"} _2librisxl |
||
| 887 |
_a{"@id":"37d2vjj82j60vxn","modified":"2015-11-17T17:36:16+01:00","checksum":"42168964910"} _2librisxl |
||
| 887 |
_a{"@id":"59g4xllb2rz26xr","modified":"2018-06-05T18:39:04.613+02:00","checksum":"42921055091"} _2librisxl |
||
| 887 |
_a{"@id":"6bh5zmmc0b2f1rm","modified":"2018-06-05T18:39:04.616+02:00","checksum":"35529714850"} _2librisxl |
||
| 887 |
_a{"@id":"7cj60nnd3gm997z","modified":"2018-06-05T18:39:04.619+02:00","checksum":"50157192114"} _2librisxl |
||
| 887 |
_a{"@id":"fkqd6vvl2qbd4s5","modified":"2018-06-05T18:39:04.632+02:00","checksum":"38541284133"} _2librisxl |
||
| 887 |
_a{"@id":"lqwlq2br37p3jw2","modified":"2003-03-19T10:17:55+01:00","checksum":"26894274025"} _2librisxl |
||
| 887 |
_a{"@id":"kpvl4csq09p3lgs","modified":"2014-05-26T13:58:03+02:00","checksum":"40543853356"} _2librisxl |
||
| 887 |
_a{"@id":"hmsg8xxn1w2z0dn","modified":"2013-11-21T13:47:08+01:00","checksum":"39563881553"} _2librisxl |
||
| 887 |
_a{"@id":"9fl82qqg2wmfkfx","modified":"2009-12-18T02:34:50+01:00","checksum":"43342205966"} _2librisxl |
||
| 887 |
_a{"@id":"mrxld22s1z8jv8p","modified":"2018-06-05T18:39:04.641+02:00","checksum":"38093815543"} _2librisxl |
||
| 887 |
_a{"@id":"nszmf33t0s1sl03","modified":"2018-06-05T18:39:04.643+02:00","checksum":"44471586330"} _2librisxl |
||
| 887 |
_a{"@id":"qv1ph55w4pdr4gw","modified":"2012-02-29T08:54:24+01:00","checksum":"49498161761"} _2librisxl |
||
| 887 |
_a{"@id":"pt0ng44v49n358p","modified":"2016-10-17T12:26:40+02:00","checksum":"40642811748"} _2librisxl |
||
| 887 |
_a{"@id":"rw2qj66x23rzfx2","modified":"2018-06-05T18:39:04.651+02:00","checksum":"44229169674"} _2librisxl |
||
| 887 |
_a{"@id":"sx3rk77z0zzm24s","modified":"2002-08-01T10:58:03+02:00","checksum":"40656850274"} _2librisxl |
||
| 887 |
_a{"@id":"tz4sl8901q72s97","modified":"2018-06-05T18:39:04.656+02:00","checksum":"52036391830"} _2librisxl |
||
| 887 |
_a{"@id":"v05tm9b11cvxzb3","modified":"2018-06-05T18:39:04.659+02:00","checksum":"47090220215"} _2librisxl |
||
| 887 |
_a{"@id":"x27wpcd34tdqn5t","modified":"2014-04-03T12:59:29+02:00","checksum":"55581065382"} _2librisxl |
||
| 887 |
_a{"@id":"z38xqdf41r03x0n","modified":"2019-12-02T13:03:21.042+01:00","checksum":"46867107423"} _2librisxl |
||
| 887 |
_a{"@id":"049zrfg51c7r266","modified":"2018-06-05T18:39:04.669+02:00","checksum":"37313684534"} _2librisxl |
||
| 887 |
_a{"@id":"15dghjm654591tr","modified":"2016-08-26T15:43:22+02:00","checksum":"19468560578"} _2librisxl |
||
| 900 | 1 | s |
_6700 _d1954- _uRuthman, Mia, _d1954- |
| 900 | 1 | s |
_6700 _d1954- _uRuthman, Mia, _d1954- |
| 900 | 1 | s |
_6700 _d1954- _uRuthman, Mia, _d1954- |
| 900 | 1 | s |
_6700 _d1954- _uRuthman, Mia, _d1954- |
| 942 |
_2z _cBOOK |
||